000 01028nam1a22002771i 4500
001 v19\rc\1504582
005 20240726003918.0
035 _a(NLR Aleph) 004630868
090 _a3165315
_c3165315
100 _a20060620d1883 |||y0rusy50 ca
101 0 _arus
102 _aRU
105 _a z |||||
200 1 _aТеория теплоты
_f[Соч.] J. Clerk Maxwell'я М. А. L. L. D. Edin. F. R. S. S. L. & F., почет. чл. Trinity college'a и проф. эксперимент. физики Кембридж. ун-та
_gПер. М. Рудольфа. Вып. 1-
210 _aВладимир
_cтип. П.Ф. Новгородского
_d1883
215 _d22
700 1 _aМаксвелл
_bД.К.
_f1831-1879
_gДжемс Клерк
702 1 _aРудольф
_bМ.
_4730
801 0 _aRU
_bNLR
_gpsbo
801 0 _aRU
_bRuMoRGB
_2psbo
801 1 _aRU
_bProSoft-M
_2rusmarc
852 _aNLR
_j18.202.5.159
899 _aRuMoRGB
_jЯ 220/296
899 _aRuMoRGB
_jЯ 3а/723
899 _aНБ МГУ
942 _cBOOK